LEADER 00799nam a2200193 i 4500 001 000000192714 003 CaOOAMICUS 005 20100927000000.0 008 100927s1977 it u000 u ita u 013 $a171339 040 $aSeMil$bita 100 1 $aNazzaro, Antonio Vincenzo.$0(OLS)http://semarc/name/10392 245 10$aSimbologia e poesia dell'acqua e del mare in Ambrogio da Milano /$cAntonio V. Nazzaro. 260 $aNapoli :$bLoffredo Editore,$cstampa 1977. 300 $aXV, 159 p. ;$c24 cm. 850 $aSeMil 852 $aSeMil$W1$xVenegono$y1$m2U V 176$j143289$B143289$CSeMilBibl$Z2$F154761 $81 996 $6245$aSimbologia e poesia dell'acqua e del mare in Ambrogio da Milano$9(OLS)http://semarc/title/277786 996 $6260$aNapoli :$bLoffredo Editore$9(OLS)http://semarc/publisher/33786 LEADER 01001nam a2200217 i 4500 001 000000060944 003 CaOOAMICUS 005 20250401150816.0 008 090711s1939 it u000 u ita u 013 $a32116 040 $aSeMil$bita 100 1 $aPianzola, Francesco .$0(OLS)http://semarc/name/76524 245 13$aIl Santambrogio di Vigevano :$bbasilica, pieve, cattedrale /$cP. Francesco Pianzola. 260 $aPavia :$bStamperia Universitaria Pavese Edizioni Ristampe,$c1939. 300 $a58 p. :$bill. ;$c29 cm. 650 4$aVigevano - Chiese - Cattedrale di Sant'Ambrogio (Duomo).$0(OLS)http://semarc/subject/12123 850 $aSeMil 852 $aSeMil$W1$xVenegono$y1$m5A VIII 6/23$j255636$B27097$CSeMilBibl$Z2$F27100 $86 996 $6245$aIl Santambrogio di Vigevano :$bbasilica, pieve, cattedrale$9(OLS)http://semarc/title/95631 996 $6260$aPavia :$bStamperia Universitaria Pavese Edizioni Ristampe$9(OLS)http://semarc/publisher/42258